Alternatívny povinný výtlačok Ľ. V. Riznera

Bibliographic Details
Main Author: Földváriová, Anna, 1942- (Author)
Format: Article
Language:Slovak
Subjects:
Online Access:http://www.snk.sk/swift_data/source/NBU/Zborniky/Rizner/L_V_Rizner_93_106.pdf

MARC

LEADER 00000nab a2200000 a 4500
001 vtls000613375
003 SK-MaSNL
005 20260304212252.0
008 040806c1993 xo 0 slo
015 |a SNBRA19rr/mm-uuuuu 
035 |a CL0613514 
040 |a SNKBUCL  |b slo  |c SNKBUCL  |e AACR2 
041 0 |a slo 
044 |a xo  |c SK 
080 |a 025.22  |2 1981 
080 |a 015(437.6)  |2 1981 
100 1 |a Földváriová, Anna,  |d 1942-  |4 aut  |9 76770 
245 1 0 |a Alternatívny povinný výtlačok Ľ. V. Riznera  |c Anna Földváriová 
300 |b Lit. v pozn. 
600 1 7 |a Rizner, Ľudovít Vladimír,  |d 1849-1913  |2 snkbucl  |9 114879 
650 0 7 |a bibliografia  |2 snkbucl  |9 24254 
650 0 7 |a povinný výtlačok  |2 snkbucl  |9 71632 
650 0 7 |a alternatívny povinný výtlačok  |2 snkbucl  |9 1544169 
655 7 |a štúdie  |2 snkbucl  |9 57033 
655 7 |a články zo zborníkov  |2 snkbucl  |9 166140 
773 0 |t Ľudovít Vladimír Rizner 1849-1913  |d Martin : Matica slovenská, 1993  |g S. 93-106  |z 8070902671 
850 |a Slovenská národná knižnica v Martine  |a MTA001 
852 |a SNK  |b KIS3GCP 
856 4 1 |u http://www.snk.sk/swift_data/source/NBU/Zborniky/Rizner/L_V_Rizner_93_106.pdf 
958 |a NB 
958 |a KL 
958 |a BX 
999 |c 3130708  |d 3132638